[Event "57th Biel Rapid Open"]
[Site "Biel SUI"]
[Date "2024.07.14"]
[Round "1.26"]
[White "Rahimi, Hamid"]
[Black "Vincenti, Leonardo"]
[Result "0-1"]
[BlackTitle "CM"]
[WhiteElo "1740"]
[BlackElo "2163"]
[WhiteFideId "1344838"]
[BlackFideId "28550820"]
[EventDate "2024.07.14"]
[EventType "swiss"]

1. d4 Nf6 2. e3 d5 3. Nf3 c5 4. c4 e6 5. Nc3 Nc6 6. Be2 cxd4 7. Nxd4 Nxd4 8.
exd4 dxc4 9. Bxc4 Be7 10. O-O O-O 11. Re1 b6 12. Qf3 Rb8 13. Bf4 Bb7 14. Qd1 Rc8
15. Bb3 Nd5 16. Nxd5 Bxd5 17. Bxd5 Qxd5 18. Be3 Bf6 19. Qd2 Rfd8 20. Red1 Rc6
21. Rac1 Rcd6 22. Qc2 h6 23. b3 e5 24. Rd3 exd4 25. Bxh6 gxh6 26. Rg3+ Bg7 27.
Qd3 Rc6 28. Rxc6 Qxc6 29. Qd2 Rc8 0-1

[Event "57th Biel Rapid Open"]
[Site "Biel SUI"]
[Date "2024.07.14"]
[Round "1.27"]
[White "Schlegel, Igor"]
[Black "Zarriess, Benjamin"]
[Result "1-0"]
[WhiteTitle "FM"]
[WhiteElo "2233"]
[BlackElo "1767"]
[WhiteFideId "1334956"]
[BlackFideId "34606645"]
[EventDate "2024.07.14"]
[EventType "swiss"]

1. e4 e5 2. Nf3 Nc6 3. Bc4 Nf6 4. Ng5 d5 5. exd5 Na5 6. Bb5+ Bd7 7. Qe2 Bd6 8.
Nc3 c6 9. dxc6 Nxc6 10. Nf3 O-O 11. O-O Re8 12. Bxc6 Bxc6 13. d3 Qd7 14. Ne4
Nxe4 15. dxe4 Rac8 16. c4 Qg4 17. Re1 f6 18. c5 Bc7 19. b4 a6 20. a4 Red8 21.
Bb2 Be8 22. Qc2 Qe6 23. Nd2 Bf7 24. Red1 Rd7 25. Nf1 Rcd8 26. Ne3 Qb3 27. Qxb3
Bxb3 28. Rxd7 Rxd7 29. b5 Kf7 30. Kf1 Ke6 31. Ke2 g6 32. bxa6 bxa6 33. Bc3 Kf7
34. Ra3 Be6 35. Bb2 Ba5 36. Rd3 Rxd3 37. Kxd3 Bb3 38. Nc4 1-0

[Event "57th Biel Rapid Open"]
[Site "Biel SUI"]
[Date "2024.07.14"]
[Round "1.28"]
[White "Birrer, Alfred"]
[Black "Pappier, Carlos"]
[Result "0-1"]
[WhiteElo "1779"]
[BlackElo "2202"]
[WhiteFideId "1314769"]
[BlackFideId "102598"]
[EventDate "2024.07.14"]
[EventType "swiss"]

1. e4 c6 2. d4 d5 3. Nc3 dxe4 4. Nxe4 Bf5 5. Bd3 Qxd4 6. Nf3 Qb6 7. O-O Bxe4 8.
Bxe4 Nf6 9. Bd3 e6 10. b3 Be7 11. Bb2 Nbd7 12. Qe2 O-O 13. Rad1 a5 14. Bc4 Nd5
15. Ne5 N7f6 16. Ng4 Rad8 17. Bxd5 Rxd5 18. Bxf6 Bxf6 19. Nxf6+ gxf6 20. Rxd5
cxd5 21. Rd1 Kh8 22. Rd3 Rg8 23. Rh3 Qd4 24. c3 Qg4 25. Qxg4 Rxg4 26. f3 Rg8 27.
Rh4 Rc8 28. c4 dxc4 29. Rxc4 Rxc4 30. bxc4 Kg7 31. a4 Kf8 32. Kf2 Ke7 33. Ke3
Kd6 34. Kd4 e5+ 35. Kc3 f5 36. g3 Kc5 37. h3 h6 38. g4 e4 39. fxe4 fxe4 40. h4
f6 41. g5 fxg5 0-1

[Event "57th Biel Rapid Open"]
[Site "Biel SUI"]
[Date "2024.07.14"]
[Round "1.29"]
[White "Georgescu, Lena"]
[Black "King, Alexander"]
[Result "1-0"]
[WhiteTitle "FM"]
[WhiteElo "2209"]
[BlackElo "1935"]
[WhiteFideId "1331973"]
[BlackFideId "1352334"]
[EventDate "2024.07.14"]
[EventType "swiss"]

1. e4 c6 2. d4 d5 3. e5 Bf5 4. h4 a6 5. h5 h6 6. g4 Bd7 7. Nc3 e6 8. Na4 Qa5+ 9.
c3 b5 10. Nc5 b4 11. Nb3 Qb6 12. cxb4 Bxb4+ 13. Bd2 c5 14. dxc5 Bxc5 15. Nxc5
Qxc5 16. Be3 Qb4+ 17. Qd2 Qe4 18. f3 Qxe5 19. f4 Qd6 20. O-O-O Qc6+ 21. Kb1 Nf6
22. Be2 Ne4 23. Qd4 O-O 24. Nf3 Ng3 25. Rh2 Nxe2 26. Rxe2 Qb5 27. Rc2 Nc6 28.
Qd2 Nb4 29. Rc5 Qa4 30. b3 Qa3 31. Ne5 Bb5 32. g5 hxg5 33. fxg5 f6 34. gxf6 gxf6
35. Rg1+ Kh7 36. Rc7+ Kh8 37. Ng6+ Kg8 38. Ne7+ Kh8 39. Ng6+ Kg8 40. Nxf8+ Kxf8
41. Bh6+ Ke8 42. Rg8# 1-0

[Event "57th Biel Rapid Open"]
[Site "Biel SUI"]
[Date "2024.07.14"]
[Round "1.30"]
[White "Keymer, Cecilia"]
[Black "Chinguun, Sumiya"]
[Result "0-1"]
[BlackTitle "FM"]
[WhiteElo "1865"]
[BlackElo "2377"]
[WhiteFideId "16233468"]
[BlackFideId "4902572"]
[EventDate "2024.07.14"]
[EventType "swiss"]

1. d4 Nf6 2. c4 g6 3. g3 Bg7 4. Bg2 O-O 5. Nc3 d6 6. Nf3 Nbd7 7. Bf4 c5 8. d5 a6
9. a4 Qb6 10. Qc2 Ng4 11. O-O Nde5 12. b3 Nxf3+ 13. Bxf3 Ne5 14. Bg2 Bf5 15. e4
Bd7 16. Rab1 Qc7 17. Bd2 f5 18. Rfe1 fxe4 19. Bxe4 Bf5 20. f4 Nf3+ 21. Kg2 Nxe1+
22. Rxe1 Qd7 23. Bxf5 gxf5 24. Re6 Rf6 25. Rxf6 Bxf6 26. Nd1 e5 27. Ne3 e4 28.
Bc3 Bxc3 29. Qxc3 Rf8 30. Qb2 Qg7 31. Qxg7+ Kxg7 32. Kf2 Kg6 33. Nc2 h5 34. Ke3
h4 35. b4 b6 36. b5 axb5 37. axb5 h3 38. Kd2 Ra8 39. Kc3 Kh5 40. Kd2 Ra2 41. Kc3
Rxc2+ 42. Kxc2 Kg4 43. Kd2 Kf3 44. Ke1 e3 45. Kf1 e2+ 0-1

[Event "57th Biel Rapid Open"]
[Site "Biel SUI"]
[Date "2024.07.14"]
[Round "1.31"]
[White "Gloeckler, Christian"]
[Black "Wild, Beat"]
[Result "1-0"]
[WhiteTitle "FM"]
[WhiteElo "2304"]
[BlackElo "1732"]
[WhiteFideId "34608966"]
[BlackFideId "1320041"]
[EventDate "2024.07.14"]
[EventType "swiss"]

1. e4 d5 2. exd5 Qxd5 3. Nc3 Qa5 4. d4 Bf5 5. Nf3 e6 6. Ne5 c6 7. g4 Bg6 8. h4
Be4 9. Nc4 Qxc3+ 10. bxc3 Bxh1 11. f3 Be7 12. Kf2 b5 13. Ne5 f6 14. Nd3 c5 15.
Nxc5 Bxc5 16. dxc5 Nd7 17. Bxb5 1-0

[Event "57th Biel Rapid Open"]
[Site "Biel SUI"]
[Date "2024.07.14"]
[Round "1.32"]
[White "Villiger, Jan"]
[Black "Nurgaliyeva, Zarina"]
[Result "0-1"]
[BlackTitle "WFM"]
[WhiteElo "1805"]
[BlackElo "2135"]
[WhiteFideId "1340891"]
[BlackFideId "13730096"]
[EventDate "2024.07.14"]
[EventType "swiss"]

1. e4 e5 2. Nf3 Nc6 3. Bc4 Nf6 4. d3 Bc5 5. c3 d6 6. O-O a5 7. Re1 h6 8. Nbd2
O-O 9. h3 Be6 10. Bxe6 fxe6 11. Nc4 b5 12. Ne3 a4 13. b3 axb3 14. Qxb3 Qd7 15.
Nf1 Rfb8 16. Be3 Bxe3 17. Rxe3 b4 18. Rc1 Na5 19. Qc2 bxc3 20. Qxc3 c5 21. Re2
Nc6 22. Rb2 Rxb2 23. Qxb2 Qa7 24. Ra1 Nb4 25. Qb3 Kf7 26. a4 Rb8 27. Qc4 Qa6 28.
Ne3 Ke7 29. Qxa6 Nxa6 30. Ra3 Rb1+ 31. Kh2 Nd7 32. Nc4 Ndb8 33. Nfd2 Rb4 34. Na5
d5 35. Rb3 Rxa4 36. Rb7+ Kf6 37. Nab3 c4 38. dxc4 dxc4 39. Nc1 c3 40. Ndb3 Rxe4 0-1

[Event "57th Biel Rapid Open"]
[Site "Biel SUI"]
[Date "2024.07.14"]
[Round "1.33"]
[White "Xiao, Tong(QD)"]
[Black "Akhmediyar, Yernur"]
[Result "1-0"]
[WhiteElo "2518"]
[BlackElo "1751"]
[WhiteFideId "8622388"]
[BlackFideId "13732129"]
[EventDate "2024.07.14"]
[EventType "swiss"]

1. e4 c5 2. Ne2 Nc6 3. Nbc3 g6 4. d3 Bg7 5. Be3 d6 6. Qd2 Rb8 7. g3 e6 8. Bg2
Nge7 9. Bh6 Bf6 10. h4 b5 11. h5 b4 12. Nd1 Bb7 13. g4 Rg8 14. Bg5 Nc8 15. Bxf6
Qxf6 16. g5 Qe7 17. hxg6 hxg6 18. f4 Nb6 19. Ne3 Kd7 20. O-O-O Kc7 21. Rh7 Rbd8
22. Ng4 d5 23. Nf6 Rgf8 24. Qe3 d4 25. Qg3 Kc8 26. Bh3 c4 27. f5 exf5 28. dxc4
Nxc4 29. exf5 Qe3+ 30. Qxe3 dxe3 31. fxg6+ Kc7 32. Rxf7+ Rxf7 33. gxf7 Rf8 34.
g6 N6e5 35. g7 1-0

[Event "57th Biel Rapid Open"]
[Site "Biel SUI"]
[Date "2024.07.14"]
[Round "1.35"]
[White "Krishnan, Ritvik"]
[Black "Bachmann, Daniel"]
[Result "1-0"]
[WhiteTitle "FM"]
[WhiteElo "2246"]
[BlackElo "1713"]
[WhiteFideId "45055297"]
[BlackFideId "1357492"]
[EventDate "2024.07.14"]
[EventType "swiss"]

1. e4 e6 2. d4 d5 3. Nc3 Nf6 4. e5 Nfd7 5. f4 c5 6. Nf3 Nc6 7. Be3 cxd4 8. Nxd4
Qb6 9. Qd2 Qxb2 10. Rb1 Qa3 11. Bb5 Nxd4 12. Bxd4 a6 13. Bxd7+ Bxd7 14. Rb3 Qe7
15. Rxb7 g6 16. Na4 Qh4+ 17. g3 Qd8 18. Bb6 Qc8 19. Rc7 Qb8 20. Qa5 Be7 21. Nc5
Bb5 22. a4 Bxc5 23. Bxc5 Bd7 24. O-O Qd8 25. Rb1 Rb8 26. Rxb8 Qxb8 27. Bb4 h5
28. Qc5 Qd8 29. Qd6 h4 30. Ba5 hxg3 31. Rxd7 Qxa5 32. Qe7# 1-0

[Event "57th Biel Rapid Open"]
[Site "Biel SUI"]
[Date "2024.07.14"]
[Round "1.37"]
[White "Vemparala, Nikash"]
[Black "Gillieron, Kevin (13882)"]
[Result "1-0"]
[WhiteTitle "CM"]
[WhiteElo "2150"]
[BlackElo "1759"]
[WhiteFideId "30960967"]
[BlackFideId "1357778"]
[EventDate "2024.07.14"]
[EventType "swiss"]

1. e4 c6 2. Nf3 d5 3. Nc3 dxe4 4. Nxe4 Nf6 5. Qe2 Nxe4 6. Qxe4 Be6 7. b3 Bd5 8.
Qe3 Nd7 9. Bb2 e6 10. Be2 Nf6 11. O-O Be7 12. Ne5 Be4 13. d3 Bf5 14. Qg3 O-O 15.
Bf3 Qc7 16. Nxc6 Bd6 17. Be5 Bxe5 18. Qxe5 Rfc8 19. Qxc7 Rxc7 20. Nd4 Bg6 21.
Rac1 Re8 22. Nb5 Rc5 23. Nd6 Re7 24. Nxb7 Rcc7 25. Na5 Bh5 26. Bxh5 Nxh5 27. g3
Nf6 28. Nc4 Nd7 29. Rfe1 Nb6 30. Nxb6 axb6 31. c4 Rc6 32. d4 Kf8 33. Rcd1 f6 34.
d5 exd5 35. Rxe7 Kxe7 36. Rxd5 Re6 37. Kf1 1-0

[Event "57th Biel Rapid Open"]
[Site "Biel SUI"]
[Date "2024.07.14"]
[Round "1.38"]
[White "Boyer, Jean-Francois"]
[Black "Papaux, Steve"]
[Result "0-1"]
[WhiteElo "1742"]
[BlackElo "2228"]
[WhiteFideId "650226"]
[BlackFideId "1337602"]
[EventDate "2024.07.14"]
[EventType "swiss"]

1. e4 e5 2. Nf3 Nc6 3. d4 exd4 4. Nxd4 Bc5 5. c3 Qf6 6. Be3 Nge7 7. g3 h5 8. Bg2
h4 9. g4 h3 10. Bf3 Ne5 11. Be2 d5 12. f4 Nxg4 13. Bxg4 Qh4+ 14. Kf1 Bxg4 15.
Qd2 O-O-O 16. Rg1 dxe4 17. Na3 Bf3 18. Nxf3 Rxd2 19. Nxh4 Bxe3 20. Nc4 Bxg1 21.
Nxd2 Bxh2 0-1

[Event "57th Biel Rapid Open"]
[Site "Biel SUI"]
[Date "2024.07.14"]
[Round "1.39"]
[White "Bex, Pierre-Alain"]
[Black "Caduff, Simon"]
[Result "1-0"]
[WhiteElo "2119"]
[BlackElo "1694"]
[WhiteFideId "1300814"]
[BlackFideId "1351311"]
[EventDate "2024.07.14"]
[EventType "swiss"]

1. e4 e5 2. Nf3 Nc6 3. Bc4 Nf6 4. Ng5 d5 5. exd5 Na5 6. Bb5+ c6 7. dxc6 bxc6 8.
Qf3 Bb7 9. Ba4 Be7 10. d3 O-O 11. O-O h6 12. Ne4 Nd5 13. Qg3 Kh8 14. Qxe5 f5 15.
Bxh6 Nf6 16. Nc5 Bxc5 17. Qxc5 gxh6 18. b4 Nd7 19. Qd4+ Kh7 20. bxa5 Rg8 21. f3
Rg7 22. Bb3 Qg5 23. Qf2 Rag8 24. Bxg8+ 1-0

[Event "57th Biel Rapid Open"]
[Site "Biel SUI"]
[Date "2024.07.14"]
[Round "1.41"]
[White "Illijin, Neboisa"]
[Black "Coletta, Julien"]
[Result "1-0"]
[WhiteTitle "IM"]
[WhiteElo "2141"]
[BlackElo "1778"]
[WhiteFideId "1200798"]
[BlackFideId "1342223"]
[EventDate "2024.07.14"]
[EventType "swiss"]

1. e4 e5 2. Nf3 Nc6 3. Bb5 a6 4. Ba4 Nf6 5. O-O Be7 6. Re1 b5 7. Bb3 d6 8. c3
O-O 9. a4 Bb7 10. d3 Na5 11. Bc2 c5 12. Bg5 Nc6 13. Na3 Qb6 14. Qd2 Rfe8 15. h3
Nd7 16. Bxe7 Rxe7 17. Nh4 g6 18. Re3 Nf8 19. Rg3 Kg7 20. Nf5+ Kh8 21. Qg5 1-0

[Event "57th Biel Rapid Open"]
[Site "Biel SUI"]
[Date "2024.07.14"]
[Round "1.42"]
[White "Rajendiram, Rajithan"]
[Black "Szakolczai, Peter"]
[Result "0-1"]
[BlackTitle "FM"]
[WhiteElo "1560"]
[BlackElo "2188"]
[WhiteFideId "1341987"]
[BlackFideId "705624"]
[EventDate "2024.07.14"]
[EventType "swiss"]

1. e4 c5 2. d4 cxd4 3. Nf3 Nc6 4. c3 d5 5. Bd3 dxe4 6. Bxe4 Nf6 7. Bd3 Bg4 8.
O-O e6 9. Bg5 Be7 10. Bb5 O-O 11. Bxc6 bxc6 12. Qxd4 Bxf3 13. gxf3 Qa5 14. f4 h6
15. Bh4 Qh5 16. Bg3 Rfd8 17. Qe3 Rd5 18. Nd2 Bc5 19. Qe1 Rad8 20. Ne4 Bb6 21.
Nxf6+ gxf6 22. Qe4 f5 23. Qg2 Kh7 24. c4 Rd2 25. b3 Bd4 26. Rae1 c5 27. Kh1 Rxa2
28. Rd1 Rb2 29. Qb7 Rg8 30. Qxa7 Rxg3 0-1

[Event "57th Biel Rapid Open"]
[Site "Biel SUI"]
[Date "2024.07.14"]
[Round "1.43"]
[White "Menzi, Jonas"]
[Black "Ademi, Rexhe"]
[Result "1-0"]
[WhiteElo "2100"]
[BlackElo "1635"]
[WhiteFideId "1345133"]
[BlackFideId "1350366"]
[EventDate "2024.07.14"]
[EventType "swiss"]

1. e4 d6 2. d4 c6 3. Nc3 Nf6 4. f4 g6 5. Nf3 Bg7 6. Bd3 O-O 7. O-O Bg4 8. Be3
Nbd7 9. h3 Bxf3 10. Qxf3 e5 11. Rad1 exd4 12. Bxd4 Nc5 13. Bc4 b5 14. Bxc5 bxc4
15. Bxd6 Qb6+ 16. Kh1 Rfd8 17. e5 Nd5 18. Nxd5 cxd5 19. b4 cxb3 20. cxb3 d4 21.
Qd5 Rac8 22. Qxd4 Qxd4 23. Rxd4 Rc2 24. Ra4 Rd7 25. Rc4 Rxc4 26. bxc4 h5 27. c5
Bf8 28. c6 Rd8 29. c7 Rc8 30. Rb1 Bxd6 31. exd6 Kf8 32. d7 1-0

[Event "57th Biel Rapid Open"]
[Site "Biel SUI"]
[Date "2024.07.14"]
[Round "1.44"]
[White "Materia, Mario"]
[Black "Kuhn, Thomas"]
[Result "0-1"]
[WhiteElo "1590"]
[BlackElo "2094"]
[WhiteFideId "651082241"]
[BlackFideId "1304135"]
[EventDate "2024.07.14"]
[EventType "swiss"]

1. d4 d5 2. c4 e6 3. Nc3 h6 4. Nf3 Nf6 5. Bf4 Bd6 6. Bxd6 Qxd6 7. e3 O-O 8. Bd3
dxc4 9. Bxc4 c5 10. O-O a6 11. a4 Nc6 12. d5 Na5 13. Ba2 e5 14. e4 Bd7 15. Qe2
Rfb8 16. b3 b5 17. Nd2 bxa4 18. Nxa4 Bb5 19. Qe1 Bxf1 20. Kxf1 Rb4 21. Nb2 Rab8
22. Nbc4 Nxc4 23. Nxc4 Qe7 24. d6 Qb7 25. f3 Nd7 26. Qc3 f6 27. Ne3 Qc6 28. Nf5
Kh7 29. Rd1 Nf8 30. Ne7 Qb5+ 31. Kg1 Ne6 32. d7 Rd4 33. Rxd4 Nxd4 34. Qc4 Qxc4
35. bxc4 Rd8 36. Kf2 Rxd7 37. Nd5 Rb7 38. Nc3 Rb2+ 39. Kg3 Rc2 40. Na4 Rxa2 41.
Nxc5 Ne2+ 42. Kg4 g6 43. Nd7 Kg7 44. c5 h5+ 45. Kh3 Nf4+ 46. Kh4 g5+ 47. Kg3
Rxg2# 0-1

[Event "57th Biel Rapid Open"]
[Site "Biel SUI"]
[Date "2024.07.14"]
[Round "1.46"]
[White "Jordan, Theodor"]
[Black "Marinkovic, Zoran"]
[Result "1-0"]
[WhiteElo "1894"]
[BlackElo "2105"]
[WhiteFideId "1353152"]
[BlackFideId "1346083"]
[EventDate "2024.07.14"]
[EventType "swiss"]

1. e4 d6 2. d4 Nf6 3. Nc3 c6 4. h3 Qa5 5. Bd3 e5 6. Nf3 Be7 7. O-O O-O 8. Qe2
Nbd7 9. Be3 exd4 10. Bxd4 Ne5 11. Nxe5 dxe5 12. Be3 Be6 13. Bc4 Bxc4 14. Qxc4
Bb4 15. f3 Bxc3 16. Qxc3 Qxc3 17. bxc3 Rfd8 18. Rfd1 Nd7 19. a4 Nb6 20. Rxd8+
Rxd8 21. Bxb6 axb6 22. Rb1 b5 23. axb5 c5 24. Ra1 Kf8 25. Ra7 Rb8 26. Kf2 Ke7
27. Ra1 Rd8 28. Ra7 Rd7 29. Ke2 Kd6 30. Ra1 Kc7 31. Ra8 c4 32. Ra4 Kb6 33. Rxc4
Kxb5 34. Rc8 f6 35. g3 Ka4 36. Ra8+ Kb5 37. f4 Kc5 38. fxe5 fxe5 39. Ra5+ Kc4
40. Rxe5 Kxc3 41. Rc5+ Kd4 42. Rb5 Kxe4 43. Rb4+ Ke5 44. Ke3 g5 45. g4 Rc7 46.
c4 h6 47. Rb5+ Kd6 48. Kd4 Rf7 49. Rb6+ Kc7 50. Rxh6 Rf4+ 51. Kc5 Rf7 52. Rg6
Rh7 53. Rxg5 Rxh3 54. Rg7+ Kc8 55. g5 Rg3 56. g6 1-0

[Event "57th Biel Rapid Open"]
[Site "Biel SUI"]
[Date "2024.07.14"]
[Round "1.47"]
[White "Lyutsinger, Iren"]
[Black "Trubini, Timon"]
[Result "1-0"]
[WhiteElo "2088"]
[BlackElo "1693"]
[WhiteFideId "34425969"]
[BlackFideId "1347799"]
[EventDate "2024.07.14"]
[EventType "swiss"]

1. e4 c5 2. Nf3 d6 3. d4 cxd4 4. Nxd4 Nf6 5. Nc3 a6 6. Bg5 e6 7. f4 Be7 8. Qf3
Nbd7 9. O-O-O b5 10. e5 Nd5 11. Bxe7 Qxe7 12. Nxd5 exd5 13. Nf5 Qd8 14. Nxd6+
Kf8 15. Qxd5 1-0

[Event "57th Biel Rapid Open"]
[Site "Biel SUI"]
[Date "2024.07.14"]
[Round "1.49"]
[White "Sadeghi, Hassan Roger"]
[Black "Wolffs, Walter"]
[Result "1-0"]
[WhiteElo "2057"]
[BlackElo "1554"]
[WhiteFideId "1304712"]
[BlackFideId "3213994"]
[EventDate "2024.07.14"]
[EventType "swiss"]

1. Nc3 b6 2. d4 Bb7 3. e4 e6 4. Bd3 Bb4 5. Ne2 Nf6 6. O-O d5 7. exd5 Nxd5 8.
Nxd5 exd5 9. c3 Bd6 10. Ng3 O-O 11. Nf5 Qf6 12. Nxd6 Qxd6 13. Qf3 Nd7 14. Bf4
Qf6 15. Bxc7 Qxf3 16. gxf3 Rac8 17. Bd6 Rfe8 18. Rfe1 Nf6 19. Bb5 Bc6 20. Ba6
Rcd8 21. Be7 Rd7 22. Bxf6 Rxe1+ 23. Rxe1 gxf6 24. Re8+ Kg7 25. Rc8 Bb7 26. Bxb7
Rxb7 27. Rd8 Re7 28. Kf1 f5 29. Rxd5 Kf6 30. h4 Ke6 31. Re5+ Kf6 32. Rxe7 Kxe7
33. f4 Kd6 34. c4 h5 35. Ke2 f6 36. Kd3 a5 37. b3 Kc6 38. a3 Kd6 39. b4 Kc6 40.
d5+ Kd6 41. Kd4 axb4 42. axb4 Kd7 43. c5 b5 44. d6 Kc6 45. f3 Kd7 46. Kd5 Kd8 1-0

[Event "57th Biel Rapid Open"]
[Site "Biel SUI"]
[Date "2024.07.14"]
[Round "1.50"]
[White "Fernandez Van Raap, Marcela"]
[Black "Chauvon, Guillaume"]
[Result "0-1"]
[WhiteElo "1613"]
[BlackElo "2061"]
[WhiteFideId "3021068"]
[BlackFideId "206784"]
[EventDate "2024.07.14"]
[EventType "swiss"]

1. e4 e5 2. Nc3 Nf6 3. d4 exd4 4. Qxd4 Nc6 5. Qd3 Bb4 6. Bd2 O-O 7. Be2 Re8 8.
Bg5 h6 9. Bxf6 Qxf6 10. Nf3 Bxc3+ 11. bxc3 Nb4 12. Qd2 Rxe4 13. O-O Nc6 14. Bd3
Re6 15. Nd4 Nxd4 16. cxd4 d6 17. c3 Bd7 18. Rab1 b6 19. d5 Re5 20. c4 Rae8 21.
Qb2 Qe7 22. Qd2 Bf5 23. Bxf5 Rxf5 24. Rfe1 Re5 25. Rxe5 Qxe5 26. h3 f5 27. Qd3
Qe4 28. Qb3 Qf4 29. Qd3 Re4 30. Rc1 Qxc1+ 0-1

[Event "57th Biel Rapid Open"]
[Site "Biel SUI"]
[Date "2024.07.14"]
[Round "1.51"]
[White "Mikavica, Dragoljub"]
[Black "Schaer, Bryan"]
[Result "1-0"]
[WhiteElo "2025"]
[BlackElo "1803"]
[WhiteFideId "1308726"]
[BlackFideId "1356127"]
[EventDate "2024.07.14"]
[EventType "swiss"]

1. e4 e6 2. d4 d5 3. Nc3 Nf6 4. Bg5 dxe4 5. Nxe4 Be7 6. Bxf6 Bxf6 7. Nxf6+ Qxf6
8. Bd3 Nc6 9. Nf3 b6 10. O-O O-O 11. Be4 Bb7 12. Ne5 Na5 13. Bxb7 Nxb7 14. Nd7
Qe7 15. Nxf8 Rxf8 16. Re1 Rd8 17. Qf3 Nd6 18. d5 Nc4 19. dxe6 fxe6 20. Qc3 Nd2
21. Rad1 Qg5 22. Qe3 Qd5 23. c4 Qd6 24. b3 c5 25. Kh1 Kf7 26. Re2 Nxc4 27. Qf3+
Ke7 28. Rxd6 Rxd6 29. g3 Rd1+ 30. Kg2 Nd2 31. Qb7+ Kf6 32. Qd7 1-0

[Event "57th Biel Rapid Open"]
[Site "Biel SUI"]
[Date "2024.07.14"]
[Round "1.52"]
[White "Settegrana, Miro"]
[Black "Frey, Fabian"]
[Result "0-1"]
[WhiteElo "1532"]
[BlackElo "2184"]
[WhiteFideId "1352466"]
[BlackFideId "1336487"]
[EventDate "2024.07.14"]
[EventType "swiss"]

1. e4 c5 2. Nf3 d6 3. d4 cxd4 4. Nxd4 Nf6 5. Nc3 a6 6. Be2 e5 7. Nb3 Be7 8. Be3
O-O 9. Qd2 Be6 10. f3 d5 11. exd5 Nxd5 12. Bf2 Bg5 13. Qd3 Nb4 14. Qe4 N8c6 15.
f4 f5 16. Qf3 Nxc2+ 17. Kf1 Nxa1 18. Nxa1 Bxf4 19. Nb3 Bxb3 20. axb3 Bh6 21. g3
e4 22. Qh5 e3 23. Be1 f4 24. Kg2 Nd4 25. Bc4+ Kh8 26. Ne4 f3+ 27. Kf1 Rf5 28.
Qh3 Qe7 29. Bc3 Qxe4 30. g4 e2+ 0-1

[Event "57th Biel Rapid Open"]
[Site "Biel SUI"]
[Date "2024.07.14"]
[Round "1.53"]
[White "Zargarov, Mikayel"]
[Black "Jordan, Christina"]
[Result "1-0"]
[WhiteElo "2033"]
[BlackElo "1749"]
[WhiteFideId "1342410"]
[BlackFideId "1347977"]
[EventDate "2024.07.14"]
[EventType "swiss"]

1. d4 d5 2. c4 c6 3. Nf3 Nf6 4. Nc3 e6 5. e3 Nbd7 6. Qc2 Be7 7. b3 O-O 8. Bb2
Re8 9. Be2 b6 10. O-O Bb7 11. Rad1 Qc7 12. Rfe1 Rac8 13. Bf1 c5 14. dxc5 Nxc5
15. Nb5 Qd8 16. Nxa7 Ra8 17. Nb5 Qc8 18. Be5 Rf8 19. Rc1 dxc4 20. Qxc4 Bd5 21.
Qd4 Qb7 22. b4 Ncd7 23. Rc7 Nxe5 24. Nxe5 Qb8 25. Rxe7 Rd8 26. Qf4 Nh5 27. Qxf7+
Kh8 28. Qxh5 1-0

[Event "57th Biel Rapid Open"]
[Site "Biel SUI"]
[Date "2024.07.14"]
[Round "1.54"]
[White "Wilhelm, Marco"]
[Black "Naarden, Amindo"]
[Result "0-1"]
[WhiteElo "1498"]
[BlackElo "1993"]
[WhiteFideId "1347039"]
[BlackFideId "1018507"]
[EventDate "2024.07.14"]
[EventType "swiss"]

1. d4 d5 2. Nf3 Nf6 3. e3 e6 4. Bd3 c5 5. b3 Nc6 6. Bb2 a6 7. Nbd2 b5 8. Ne5
Nxe5 9. dxe5 Nd7 10. O-O Bb7 11. Nf3 Be7 12. Qd2 c4 13. Be2 Nc5 14. Bd4 Ne4 15.
Qd1 Rc8 16. Rc1 O-O 17. Qe1 f5 18. Nd2 Ba3 19. Rd1 Bb4 20. f3 Nxd2 21. Rxd2 Qa5
22. c3 Bxc3 23. Bxc3 Qxc3 24. Qc1 cxb3 25. axb3 Qxe3+ 26. Rf2 Rxc1+ 27. Rd1 Rfc8
28. Rxc1 Rxc1+ 29. Bf1 d4 30. g3 Bxf3 31. h3 Rxf1+ 32. Kxf1 Qc1# 0-1

[Event "57th Biel Rapid Open"]
[Site "Biel SUI"]
[Date "2024.07.14"]
[Round "1.55"]
[White "Pisan, Kai"]
[Black "Adnin, Rafa Azkario"]
[Result "1-0"]
[WhiteElo "2016"]
[BlackElo "1596"]
[WhiteFideId "39904881"]
[BlackFideId "7126620"]
[EventDate "2024.07.14"]
[EventType "swiss"]

1. d4 d5 2. c4 e6 3. Nf3 Nf6 4. g3 Bb4+ 5. Nbd2 O-O 6. Bg2 c5 7. cxd5 exd5 8.
O-O cxd4 9. Nxd4 Qe7 10. a3 Bc5 11. N2f3 Nc6 12. Re1 Bg4 13. b4 Bb6 14. Bb2 Rfe8
15. Qd3 Nxd4 16. Nxd4 Rac8 17. e3 Qd7 18. Rac1 Rxc1 19. Rxc1 Re5 20. Nf3 Rf5 21.
Nh4 Rh5 22. Bxf6 gxf6 23. Nf3 Qd6 24. Nd4 Bxd4 25. Qxd4 Be6 26. Rd1 Rh6 27. e4
Qe5 28. exd5 Qxd4 29. Rxd4 Bd7 30. d6 b6 31. b5 Kf8 32. Bc6 Be6 33. d7 Bxd7 34.
Rxd7 Rh5 35. Rxa7 Rc5 36. Kg2 Kg7 37. Rb7 Rc3 38. Rxb6 Rxa3 39. Rb8 Rb3 40. b6
Kg6 41. b7 Kf5 42. Rc8 Ke5 43. b8=Q+ Rxb8 44. Rxb8 h5 45. h4 Kf5 46. Bf3 Kg6 47.
Rh8 f5 48. Rxh5 f6 49. Bd1 Kg7 50. f4 Kg6 51. Rxf5 Kh6 52. Rxf6+ Kg7 53. Ra6 Kf7
54. Kf3 Ke7 55. Ke4 Kf7 56. Kf5 Kg7 57. Rf6 Kh7 58. Rg6 Kh8 59. Kf6 Kh7 60. Kf7
Kh8 61. Rh6# 1-0

[Event "57th Biel Rapid Open"]
[Site "Biel SUI"]
[Date "2024.07.14"]
[Round "1.56"]
[White "Primbetova, Raikhan"]
[Black "Brockmann, Fabian"]
[Result "0-1"]
[WhiteElo "1534"]
[BlackElo "2003"]
[WhiteFideId "13733494"]
[BlackFideId "4639561"]
[EventDate "2024.07.14"]
[EventType "swiss"]

1. c4 e5 2. Nc3 Nf6 3. Nf3 d6 4. e4 g6 5. Be2 Bg7 6. O-O O-O 7. d3 Nc6 8. h3 Ne8
9. Ne1 Nd4 10. f4 exf4 11. Bxf4 Nxe2+ 12. Qxe2 Be5 13. Nc2 c6 14. Be3 b6 15. d4
Bg7 16. Nb4 Bd7 17. Nd3 Qe7 18. Rae1 Nc7 19. d5 c5 20. Bf4 Rfe8 21. e5 dxe5 22.
Bxe5 Bxe5 23. Nxe5 f6 24. Nxd7 Qxd7 25. Qf3 f5 26. Rxe8+ Rxe8 27. Qg3 b5 28.
cxb5 Nxb5 29. Nxb5 Qxb5 30. Rxf5 Qxb2 31. d6 Qb1+ 32. Kh2 Qxf5 33. Qb3+ Qf7 34.
Qd3 Qf4+ 0-1